[Event "AUTO-ADV-4855"]
[Site "http://www.queenalice.com/game.php?id=1863297"]
[Date "2025.9.23"]
[Round "2"]
[White "MHRangel"]
[Black "oniwa"]
[Result "1-0"]
[WhiteElo "1616"]
[BlackElo "1862"]

1. d4 Nf6 2. c4 d5 3. Bg5 e6 4. c5 Nc6 5. a3 Be7 6. Nf3 O-O 7. e3 Ne4 8. Bxe7
Nxe7 9. Bd3 f5 10. O-O Ng6 11. g3 b6 12. c6 a6 13. b4 Qd6 14. Qc2 Ne7 15. b5
axb5 16. Bxb5 Ba6 17. Bxa6 Rxa6 18. a4 Nxc6 19. Nc3 Nb4 20. Qc1 Nxc3 21. Qxc3 h6
22. Ne5 c5 23. Ng6 Rf6 24. Nf4 Kh7 25. Rfd1 Nc6 26. dxc5 bxc5 27. Nh5 Rg6 28.
Nf4 Rg4 29. h3 Rg5 30. h4 Rg4 31. Kg2 g5 32. Nh5 d4 33. exd4 cxd4 34. Qd3 Ne5
35. Qb5 Kg6 36. Qe8+ Kh7 37. Nf6+ Kg7 38. Qg8+ Kxf6 39. Qh8+ Kg6 40. Qe8+ Nf7
41. h5+ Kxh5 42. Qxf7# 1-0

[Event "AUTO-ADV-4901"]
[Site "http://www.queenalice.com/game.php?id=1864907"]
[Date "2025.10.29"]
[Round "1"]
[White "Daniel1962"]
[Black "MHRangel"]
[Result "1-0"]
[WhiteElo "1719"]
[BlackElo "1641"]

1. e4 c5 2. Bc4 Nf6 3. d3 e6 4. Bg5 Be7 5. Nf3 d5 6. Bxf6 Bxf6 7. Bb5+ Bd7 8.
Bxd7+ Nxd7 9. exd5 Bxb2 10. Nbd2 Bxa1 11. Qxa1 exd5 12. Qxg7 Qf6 13. Qxf6 Nxf6
14. O-O O-O-O 15. Ne5 Rhf8 16. Nb3 b6 17. c4 dxc4 18. dxc4 Ne4 19. Nc6 Rd7 20.
Re1 Nc3 21. a3 Kc7 22. Nxa7 Kb7 23. Nb5 Nd1 24. a4 Nb2 25. a5 Nxc4 26. axb6 Kxb6
27. Nc3 h5 28. Ne4 Na5 29. Nbxc5 Rc7 30. Rb1+ Kc6 31. Nd3 Kd7 32. Rb5 Rfc8 33.
g3 Rc4 34. Ne5+ Ke6 35. Nxc4 Rxc4 36. Rxa5 Rxe4 37. Rxh5 1-0

[Event "AUTO-ADV-4901"]
[Site "http://www.queenalice.com/game.php?id=1864908"]
[Date "2025.10.29"]
[Round "1"]
[White "MHRangel"]
[Black "Daniel1962"]
[Result "0-1"]
[WhiteElo "1628"]
[BlackElo "1732"]

1. d4 d5 2. c4 Nf6 3. e3 Bf5 4. Nc3 Ne4 5. Nxe4 Bxe4 6. f3 Bg6 7. Nh3 c6 8. Bd3
Bxd3 9. Qxd3 dxc4 10. Qxc4 e6 11. O-O Nd7 12. b4 Nb6 13. Qb3 Nd5 14. a3 Bd6 15.
e4 Nb6 16. e5 Bc7 17. Be3 Nd5 18. Bf2 Bb6 19. a4 Qe7 20. a5 Bc7 21. Be1 f5 22.
exf6 gxf6 23. Nf2 f5 24. b5 cxb5 25. Qxb5+ Kf7 26. Qxb7 Ne3 27. Bb4 Qd7 28. Rfc1
Bxh2+ 29. Kxh2 Qxb7 30. Bc5 Rhg8 31. Rg1 Qb2 32. Nd3 Rxg2+ 33. Kh3 Rh2+ 34. Kg3
Rg8+ 35. Kf4 Nd5+ 36. Ke5 Re2+ 37. Kd6 Qb8+ 38. Kc6 Rc8+ 0-1

[Event "AUTO-ADV-4901"]
[Site "http://www.queenalice.com/game.php?id=1864921"]
[Date "2025.10.29"]
[Round "1"]
[White "mvson33"]
[Black "MHRangel"]
[Result "1-0"]
[WhiteElo "1807"]
[BlackElo "1698"]

1. e4 c5 2. Nf3 a6 3. Be2 b5 4. O-O Nc6 5. d4 Qc7 6. dxc5 Bb7 7. a3 b4 8. axb4
Nxb4 9. Be3 Bxe4 10. Bd3 Bxd3 11. cxd3 e6 12. Nc3 Bxc5 13. Bxc5 Qxc5 14. Ne4 Qc2
15. Qxc2 Nxc2 16. Rac1 Nb4 17. Nd6+ Ke7 18. Nc4 Nxd3 19. Rcd1 Nb4 20. Nb6 Rd8
21. Na4 Nf6 22. Nc5 Nfd5 23. Ne5 d6 24. Nb7 Rb8 25. Nxd6 f6 26. Nef7 Rhf8 27.
Rfe1 Nc6 28. g3 Rxb2 29. Ra1 a5 30. Ra4 Ndb4 31. Rea1 Nd3 32. Rf1 Rb4 33. Rxb4
axb4 34. Rd1 Nb2 35. Rb1 Na4 36. Kf1 1-0

[Event "AUTO-ADV-4901"]
[Site "http://www.queenalice.com/game.php?id=1864922"]
[Date "2025.10.29"]
[Round "1"]
[White "MHRangel"]
[Black "mvson33"]
[Result "0-1"]
[WhiteElo "1711"]
[BlackElo "1794"]

1. d4 Nf6 2. c4 d5 3. e3 e6 4. Nf3 Be7 5. c5 O-O 6. Bd3 b6 7. b4 Bb7 8. Ba3 Nbd7
9. O-O Rc8 10. Re1 Rb8 11. Qc2 c6 12. b5 cxb5 13. c6 Rc8 14. Bxe7 Qxe7 15. Bxb5
Nb8 16. Ne5 Nxc6 17. Nxc6 Bxc6 18. Bxc6 Qd6 19. Rc1 Rc7 20. Qa4 Rfc8 21. Nd2
Rxc6 22. Rxc6 Qxc6 23. Qxa7 Ne4 24. Nb3 Qc3 25. Qa3 Qc7 26. f3 Nf6 27. Rc1 Qb7
28. Rxc8+ Qxc8 29. Qa7 Qd8 30. a4 h6 31. a5 bxa5 32. Qxa5 Qxa5 33. Nxa5 Kf8 34.
Nc6 Ke8 35. Ne5 Ke7 0-1